| 000 | 00901nam a22002297a 4500 | ||
|---|---|---|---|
| 003 | URS | ||
| 005 | 20230125132450.0 | ||
| 008 | 230125b |||||||| |||| 00| 0 eng d | ||
| 100 |
_93500 _aMojica, Clarisse H. _eAuthor |
||
| 245 |
_aRecruitment Techniques applied by Brilliant Skin Essential in Morong, Rizal _cClarisse H. Mojicxa,Dennilyn C. Nicdao,Alliah May S. Zapanta |
||
| 260 | _c2022 | ||
| 300 |
_ax,57 leaves _c28 cm |
||
| 336 |
_2rdacontent _atext |
||
| 337 |
_2rdamedia _aunmediated |
||
| 338 |
_2rdacarrier _avolume |
||
| 502 |
_aThesis _bBachelor of Science in Business Administration Major in Human Resource Management _cUniversity of Rizal System _d2022 |
||
| 504 | _aincludes bibliographical references | ||
| 700 |
_93501 _aNicdao, Dennilyn C. _eAuthor |
||
| 700 |
_93502 _aZapanta Alliah May S. _eAuthor |
||
| 700 |
_91594 _aAbelardo B. CeƱidoza, MAT _eadviser |
||
| 942 |
_2lcc _cT |
||
| 999 |
_c67912 _d67912 |
||